| 000 | 00644nam a2200205 i 4500 | ||
|---|---|---|---|
| 001 | 19163 | ||
| 003 | ES-MaACL | ||
| 005 | 20230906152020.0 | ||
| 007 | t| | ||
| 008 | 020626s1997 sp ||||1| spa d | ||
| 080 | _a75 Carrilero, Antonio | ||
| 100 | 1 |
_aCela Trulock, Jorge ( _d1932-2021) _9174160 |
|
| 245 | 1 | 0 |
_aCarrilero _b: paisajes, bodegones, retratos / _cJorge Cela Trulock. |
| 250 | _a1ª ed. | ||
| 260 |
_aLa Roda (Ramón y Cajal, 50) : _bA. Carrilero, _c1997. |
||
| 300 |
_a155 p. : _bil. col. ; _c29 cm. |
||
| 600 | 1 | 4 |
_aCarrilero, Antonio. _935751 |
| 700 | 1 |
_aCarrilero, Antonio. _935751 |
|
| 852 |
_aES-MaACL _jL-25587 _bR.131563 |
||
| 999 |
_c19163 _d19163 |
||